<?xml version="1.0" encoding="UTF-8"?><?xml-stylesheet type="text/xsl" href="static/style.xsl"?><OAI-PMH xmlns="http://www.openarchives.org/OAI/2.0/" xmlns:xsi="http://www.w3.org/2001/XMLSchema-instance" xsi:schemaLocation="http://www.openarchives.org/OAI/2.0/ http://www.openarchives.org/OAI/2.0/OAI-PMH.xsd"><responseDate>2026-06-01T06:01:59Z</responseDate><request verb="GetRecord" identifier="oai:riuma.uma.es:10630/4301" metadataPrefix="marc">https://riuma.uma.es/rest/oai/request</request><GetRecord><record><header><identifier>oai:riuma.uma.es:10630/4301</identifier><datestamp>2026-02-03T12:50:23Z</datestamp><setSpec>com_10630_27</setSpec><setSpec>com_10630_3139</setSpec><setSpec>com_10630_10</setSpec><setSpec>col_10630_582</setSpec></header><metadata><record xmlns="http://www.loc.gov/MARC21/slim" xmlns:dcterms="http://purl.org/dc/terms/" xmlns:doc="http://www.lyncode.com/xoai" xmlns:xsi="http://www.w3.org/2001/XMLSchema-instance" xsi:schemaLocation="http://www.loc.gov/MARC21/slim http://www.loc.gov/standards/marcxml/schema/MARC21slim.xsd">
   <leader>00925njm 22002777a 4500</leader>
   <datafield ind2=" " ind1=" " tag="042">
      <subfield code="a">dc</subfield>
   </datafield>
   <datafield ind2=" " ind1=" " tag="720">
      <subfield code="a">Invernón, Vanessa R.</subfield>
      <subfield code="e">author</subfield>
   </datafield>
   <datafield ind2=" " ind1=" " tag="720">
      <subfield code="a">Orriach, R.</subfield>
      <subfield code="e">author</subfield>
   </datafield>
   <datafield ind2=" " ind1=" " tag="720">
      <subfield code="a">Bañares-España, Elena</subfield>
      <subfield code="e">author</subfield>
   </datafield>
   <datafield ind2=" " ind1=" " tag="720">
      <subfield code="a">De la Rosa Álamos, Julio</subfield>
      <subfield code="e">author</subfield>
   </datafield>
   <datafield ind2=" " ind1=" " tag="720">
      <subfield code="a">Flores-Moya, Antonio</subfield>
      <subfield code="e">author</subfield>
   </datafield>
   <datafield ind2=" " ind1=" " tag="720">
      <subfield code="a">Altamirano-Jeschke, María</subfield>
      <subfield code="e">author</subfield>
   </datafield>
   <datafield ind2=" " ind1=" " tag="260">
      <subfield code="c">2009</subfield>
   </datafield>
   <datafield ind2=" " ind1=" " tag="520">
      <subfield code="a">La flora de macroalgas marinas de&#xd;
Andalucía se recoge en los catálogos de Flores-&#xd;
Moya et al. (1995a, 1995b) y Conde et al.&#xd;
(1996a), y las adiciones posteriores de Conde&#xd;
et al. (1996b), Báez et al. (2001) y Altamirano&#xd;
et al. (2006, 2008). En este trabajo se presentan&#xd;
9 citas nuevas para Andalucía (señaladas con&#xd;
un asterisco), 19 citas nuevas para la provincia&#xd;
de Huelva, 9 citas nuevas y una confirmación&#xd;
para la provincia de Málaga y 25 citas nuevas&#xd;
para la provincia de Granada. Mediante esta&#xd;
contribución el catálogo de Chlorophyceae de&#xd;
Andalucía consta de 90 taxones, mientras que los de Phaeophyceae y Rhodophyceae contienen&#xd;
109 y 356 taxones, respectivamente.&#xd;
Todo el material recolectado se conservó&#xd;
en formol al 4% en agua de mar para su posterior&#xd;
determinación en el laboratorio. Como medio&#xd;
de montaje y preservación de las muestras&#xd;
microscópicas se ha utilizado sirope de maíz&#xd;
al 25% en agua destilada con unas gotas de&#xd;
formol al 4%. Los ejemplares identificados se&#xd;
han depositado en el herbario de la Universidad&#xd;
de Málaga (MGC Phyc).&#xd;
Para la ordenación taxonómica se ha&#xd;
seguido a Guiry &amp; Guiry (2009)</subfield>
   </datafield>
   <datafield ind1="8" ind2=" " tag="024">
      <subfield code="a">Acta Botánica Malacitana, Nº34, 2009, Págs. 201-206</subfield>
   </datafield>
   <datafield ind1="8" ind2=" " tag="024">
      <subfield code="a">02109506</subfield>
   </datafield>
   <datafield ind1="8" ind2=" " tag="024">
      <subfield code="a">http://hdl.handle.net/10630/4301</subfield>
   </datafield>
   <datafield tag="653" ind2=" " ind1=" ">
      <subfield code="a">Andalucía</subfield>
   </datafield>
   <datafield tag="653" ind2=" " ind1=" ">
      <subfield code="a">Clorofíceas</subfield>
   </datafield>
   <datafield ind2="0" ind1="0" tag="245">
      <subfield code="a">Notas corológicas del macrofitobentos de Andalucía (España). VIII</subfield>
   </datafield>
</record>
</metadata></record></GetRecord></OAI-PMH>